The Cultural dimension of international business. (Record no. 5601)
[ view plain ]
| 000 -LEADER | |
|---|---|
| fixed length control field | 00659cam a22002172 4500 |
| 001 - CONTROL NUMBER | |
| control field | 0000002029 |
| 005 - DATE AND TIME OF LATEST TRANSACTION | |
| control field | 20151217151837.0 |
| 008 - FIXED-LENGTH DATA ELEMENTS--GENERAL INFORMATION | |
| fixed length control field | 070330s xx 000 0 eng d |
| 020 ## - INTERNATIONAL STANDARD BOOK NUMBER | |
| International Standard Book Number | 0131460692 : |
| 040 ## - CATALOGING SOURCE | |
| Original cataloging agency | KABU |
| Transcribing agency | KABU |
| 050 #0 - LIBRARY OF CONGRESS CALL NUMBER | |
| Classification number | HD2755.5 |
| Item number | .F47 1994 |
| 100 1# - MAIN ENTRY--PERSONAL NAME | |
| Personal name | Ferraro, Gary P. |
| -- | 0000151224 |
| 245 14 - TITLE STATEMENT | |
| Title | The Cultural dimension of international business. |
| 250 ## - EDITION STATEMENT | |
| Edition statement | 2nd ed. |
| 260 ## - PUBLICATION, DISTRIBUTION, ETC. (IMPRINT) | |
| Place of publication, distribution, etc. | Englewood Cliffs, NJ : |
| Name of publisher, distributor, etc. | Prentice Hall, |
| Date of publication, distribution, etc. | 1994. |
| 300 ## - PHYSICAL DESCRIPTION | |
| Extent | xi, 177 p. |
| 650 #0 - SUBJECT ADDED ENTRY--TOPICAL TERM | |
| Topical term or geographic name as entry element | International business enterprise |
| General subdivision | social aspects. |
| -- | 0000151225 |
| 908 ## - PUT COMMAND PARAMETER (RLIN) | |
| Put command parameter | 070330 |
| 950 ## - LOCAL HOLDINGS (RLIN) | |
| -- | 1 |
| Withdrawn status | Lost status | Source of classification or shelving scheme | Not for loan | Home library | Current library | Date acquired | Total Checkouts | Full call number | Barcode | Date last seen | Price effective from | Koha item type |
|---|---|---|---|---|---|---|---|---|---|---|---|---|
| Library of Congress Classification | Kabarak, Main Campus | Kabarak, Main Campus | 17/12/2015 | HD2755.5 .F47 1994 | 00972 | 17/12/2015 | 17/12/2015 | General Collection |